Da un tetto e nelle strade : Firenze sommersa /

Gespeichert in:
Bibliographische Detailangaben
1. Verfasser: Santi, Piero, (1912-1990) (Verfasst von)
Format: Buch
Sprache:Italienisch
Veröffentlicht: [Bari] : De Donato, [1967]
Schriftenreihe:Atti ; 1
Schlagworte:
Tags: Tag hinzufügen
Keine Tags, Fügen Sie das erste Tag hinzu!

MARC

LEADER 00000nam a22000007i 4500
001 IT\ICCU\SBL\0073124
003 ItRI
005 20260115232336.0
008 910930s1967 it |||||| ||||| |||||c
015 |2 IT  |a 677051 
040 |b ita  |c importazione bologna sebina 
041 7 |a ita  |2 ISO-639-2 
082 |a 945.51  |9 STORIA. FIRENZE (PROV.)  |2 16 
100 1 |a Santi, Piero,  |d  (1912-1990)  |0 IT\ICCU\MILV\218707  |4 aut 
245 1 0 |a Da un tetto e nelle strade :  |b Firenze sommersa /  |c Piero Santi. 
260 |a [Bari] :  |b De Donato,  |c [1967] 
300 |a 112 p. ;  |c 18 cm. 
650 7 |a Alluvioni  |x Firenze  |x 1966 
830 0 |a Atti ;  |v 1  |0 IT\ICCU\RAV\0030966 
942 |2 ddc  |c BK  |n 0 
952 |0 0  |1 0  |4 0  |6 DOC_853_914000000000000_SAN  |7 0  |9 24491  |a BO  |b BO  |d 2026-01-15  |i 970  |l 0  |o DOC 853.914 SAN  |p BO970  |r 2026-01-15 23:23:36  |w 2026-01-15  |x [Sebina 5] [1 v.]  |y BK  |z 1 v. 
999 |c 20842  |d 20842